00486nam a2200169Ia 4500020001800000082001600018100001800034245008000052260003200132300001000164650002700174650002800201650002800229650001300257650002700270700001900297 a0-8184-0427-2 a291.7 WIL-; aWilson, Bryan 0aHuman values in a changing World: a dialogue on the social role of Religion aSecaucusbLyle Stuartc1987 a364p. aEthics - Social ethics aPhilosophy and religion aPhilosophy and religion aReligion aReligion and sociology aIkeda, Daisaku